00703nam a2200229Ia 4500003000400000005001700004008004100021020001400062040000700076041000800083082001900091100002000110245003300130260004500163300001600208365001300224650002700237906003300264942001200297999001900309952014500328OSt20230626110308.0210423s9999 xx 000 0 und d a198079885 cAL aeng a823 223bNARA aNARAYAN.994350 aKocharethi: the araya woman. bOxford University PressaNew Delhic2013 axxx,221bPB b295cINR aEnglish Fiction994351 aaraya ; Kocharethi: ; woman. 2ddccBK c161234d161234 001040708MAENGaSACPGbSACPGd2013-03-23eKnowledge Worldg295.00l1o823 NARApPG007715r2022-08-24 00:00:00s2022-02-03w2021-04-26yBK